| 000 | 03499nam a2200253 4500 | ||
|---|---|---|---|
| 001 | 0000008489 | ||
| 005 | 20250329165508.0 | ||
| 008 | 180125s2017 000 0 eng d | ||
| 040 |
_aCO-CtgCURN _bspa _ccoctgcurn |
||
| 082 | 0 |
_aTSI 2017 _bM472 |
|
| 100 | 1 | _aMedrano de Avila, Erick Jesus. | |
| 245 | 1 | 0 |
_aDiseño de un prototipo funcional de un sistema de información geografico para la gestión del inventario de espacio publico en el ambito cualitativo, del centro historico de la ciudad de Cartagena / _cErick Jesus Medrano De Avila; Jorge Enrique Siachoque Marin; Jhon Mario Diaz Ricardo; Directora Maria Claudia Bonfante. |
| 260 |
_aCartagena de Indias : _bCorporacion Universitaria Rafael Nuñez, _c2017. |
||
| 300 |
_a106 p. : _bil., tabs. |
||
| 502 | _aTrabajo de Grado. (Tecnologo en Sistemas de Informacion y Software). Corporacion Universitaria Rafael Nuñez . Facultad de Ciencias de la Salud . Programa de Instrumentación Quirúrgica, 2017. | ||
| 520 | _aEl presente trabajo de grado para optar el titulo de TECNOLOGO EN SISTEMAS DE INFORMACI© N Y SOFTWARE es desarrollado en la oficina de Espacio Publico y Movilidad de la Alcaldia de Cartagena de Indias, donde se identificaron algunos problemas relacionados con el mantenimiento y consulta de información relacionada con los procesos misionales que maneja esta dependencia. La sistematizacion de los procesos y el manejo de la información correspondiente a espacio publico y movilidad de la ciudad son llevados de una manera manual, procesos que a la altura de los tiempos su manejo es considerado inadecuado ya que generan un mayor tiempo de respuesta a las solicitudes realizadas; existiendo la necesidad de implementar una estrategia que permita que estos procesos sean automatizados, es decir que garanticen la persistencia y el acceso a la información por parte de los usuarios tanto administrativos como publico en general, y que adem s se mejoren los tiempos de respuesta a las solicitudes, pero teniendo en cuenta la confiabilidad y la seguridad de la información. El Analisis de requerimientos se levanto luego de una observacion directa y entrevistas con funcionarios de la dependencia de Espacio Publico y Movilidad de la ciudad de Cartagena, lo cual permitio diseñar un prototipo funcional de un sistema de información geogr fico para la gestión del inventario de espacio publico en el mbito cualitativo, del centro historico de la ciudad de Cartagena. Se espera que, a trav s de este prototipo de sistema de inventario para la oficina de espacio publico, que se optimicen los tiempos de respuesta a las diferentes solicitudes generadas por los diferentes funcionarios, mantener la información de cada espacio publico y, adem s, de visualizar los diferentes espacios publicos que hay en el centro historico de la ciudad de Cartagena en un mapa interactivo y poder interactuar con ellos de acuerdo al rol asignado. | ||
| 650 | 0 |
_aSistemas de Informacion y Software _vTesis y Disertaciones Academicas. |
|
| 700 | 1 | _aSiachoque Marin, Jorge Enrique. | |
| 700 | 1 | _aDiaz Ricardo, Jhon Mario. | |
| 700 | 1 |
_aBonfante, Maria Claudia, _cAsesora. |
|
| 856 | 7 |
_uhttps://unicurn.sharepoint.com/:b:/s/biblioteca/EYx84HKv7UVInH5HYVxcxqUBIOhjEA4dK6nydvWvckIWKw?e=E7LpQ8 _zClick aqui para ver el recurso en texto completo |
|
| 942 |
_2ddc _cTG _hTSI 2017 _iM472 |
||
| 999 |
_c5933 _d5933 |
||